000 00615nam a2200121Ia 4500
008 220620s9999||||xx |||||||||||||| ||und||
100 _aDogramatzis, Dimitris
245 0 _aHealthcare Biotechnology
_bA Practical Guide
546 _aEnglish[eng]
650 _aBiotechnology||Biopharmaceutics||Healthcare Management||BUSINESS/MANAGEMENT||PHARMACEUTICAL||BIOSCIENCE||SCI-TECH||BIOMEDICALSCIENCE||INFORMATIONSCIENCE||STM||Biodrug Research||Bioeconomy||Biolicensing||Biomanufacturing||Intellectual Property Management
856 _uhttps://library.oapen.org/bitstream/20.500.12657/41654/1/9781439894125.pdf
942 _cEB
999 _c26812
_d26812